• 首页
  • 本馆介绍
  • 公告通知
  • 最新文献
  • 馆藏检索
  • 电子资源
  • 读者导购
  • 参考咨询
  • 我的图书馆
  • 登录
  • 详细信息显示
  • 放入我的书架
  • 预约/预借图书
  • 作者相关作品
  • 分类相关作品
  • 丛书相关作品
  • 出版社相关作品

书目信息

  • 表格格式
  • 工作单格式
  • 卡片格式
题名:
空气质量模型:技术、方法及案例研究
    
 
作者: 伯鑫 著
分册:  
出版信息: 北京   中国环境出版社  2018.01
页数: 274页
开本: 26cm
丛书名:
单 册:
中图分类: X823
科图分类:
主题词: 大气评价--模型--研究
电子资源:
ISBN: 978-7-5111-3408-0
000 00965nam0 2200217 450
001 1075
005 20180927111503.74
010    @a978-7-5111-3408-0@dCNY58.00
100    @a20180612d2018 em y0chiy50 ea
101 0  @achi
102    @aCN@b110000
105    @aa z 000yy
200 1  @a空气质量模型:技术、方法及案例研究@Akong qi zhi liang mo xing:ji shu、fang fa ji an li yan jiu@9kong qi zhi liang mo xing@e技术、方法及案例研究@f伯鑫著
210    @a北京@c中国环境出版社@d2018.01
215    @a274页@c图@d26cm
330    @a本书介绍了AERSCREEN、AERMOD、CALPUFF、CMAQ等空气质量模型的发展历史、基本原理,总结了作者研究团队将上述模型应用于建设项目环评、规划及战略环评、排污许可、空气质量达标规划、源解析、环境人体健康、土壤污染预警等方面的案例,还介绍了作者在空气质量模型二次开发的研究成果,总结了模型应用常见的问题。
606 0  @a大气评价@x模型@x研究
690    @aX823@v5
701  0 @a伯鑫@9bo xin@4著
801  0 @aCN@b91MARC@c20180612
905    @aMuseLib@dX823@e267
    
    空气质量模型:技术、方法及案例研究:技术、方法及案例研究/伯鑫著.-北京:中国环境出版社,2018.01
    274页:图;26cm
    
    
    ISBN 978-7-5111-3408-0:CNY58.00
    本书介绍了AERSCREEN、AERMOD、CALPUFF、CMAQ等空气质量模型的发展历史、基本原理,总结了作者研究团队将上述模型应用于建设项目环评、规划及战略环评、排污许可、空气质量达标规划、源解析、环境人体健康、土壤污染预警等方面的案例,还介绍了作者在空气质量模型二次开发的研究成果,总结了模型应用常见的问题。
●
相关链接 在E读中查询图书 在五车中查询图书 在当当中查询图书 在豆瓣中查询图书


正题名:空气质量模型:技术、方法及案例研究     索取号:X823/267         预约/预借

序号 登录号 条形码 馆藏地/架位号 状态 备注
1 1121049   211210492   第二样本阅览室/ [索取号:X823/267] 在馆    
2 1121050   211210508   第三借阅区/ [索取号:X823/267] 在馆    
3 1121051   211210517   密集书库-资源管理系/ [索取号:X823/267] 在馆    
4 1121052   211210526   第三借阅区/ [索取号:X823/267] 在馆    
5 1121053   211210535   第三借阅区/ [索取号:X823/267] 在馆    
唐山师范学院图书馆 欢迎您!
大连网信软件有限公司© 版权所有